| 000 | 00639nam a2200169Ia 4500 | ||
|---|---|---|---|
| 008 | 230917s9999||||xx |||||||||||||| ||und|| | ||
| 020 | _cRS1150 | ||
| 040 |
_e239572 _aMAIN |
||
| 041 | _aEnglish | ||
| 082 | _a891.43172109 DC499:AS | ||
| 100 | _aदेवताले, चन्द्रकान्त | ||
| 245 | 0 | _aचन्द्रकांत देवताले की कविता मे सवेदना और शिल्प | |
| 260 |
_aजयपुर _bप्रतीक्षा पब्लिकेशन _c2016 |
||
| 300 | _a218 p. | ||
| 500 | _a2710 30/03/2017 HBD17/6964 29/05/2017 Main Budget | ||
| 942 | _cHN | ||
| 999 |
_c22553 _d22553 |
||